000 00611nam a22002177a 4500
005 20260130160256.0
008 260129b |||||||| |||| 00| 0 eng d
020 _a9788196329648
_cRs. 649.00
040 _aMAIN
082 _a355.033054
_bS19G
100 _aSahasrabuddhe, Uttara, ed.
245 _aGrace, glory and gaffe: India’s defence and security @ 75
260 _bKabdwal Book International
_c2023
_aMumbai
300 _axii, 302
650 _aMilitary Science
650 _aDefence Policy
650 _aNational Security
650 _aIndia
700 _aRanade, Akshay, ed.
942 _cBK
999 _c395582
_d395582